| 000 | 00333nam a2200133Ia 4500 | ||
|---|---|---|---|
| 082 |
_a620.1 _bSHA |
||
| 100 | _aIrving H. Shames | ||
| 245 | _aEngineering Mechanics | ||
| 250 | _a4th . Ed. | ||
| 260 |
_bPrentice Hall of India Private Limted _aNew Delhi _c2011 |
||
| 300 | _a836p. | ||
| 700 | _aG. Krishna Mohanna Rao | ||
| 942 |
_2ddc _cBK |
||
| 999 |
_c5183 _d5183 |
||